Discographie de Vald / 2018 - 2020 (+ singles) - Statistiques

Statistiques générales
  • Ce quiz a été pris 227 fois
  • Le résultat moyen est 18 sur 33
Statistiques - réponses
Réponse % Correct
Ce monde est cruel
89%
Halloween
81%
ASB
78%
Rappel
76%
Dernier retrait
75%
Poches pleines
74%
Royal Bacon
72%
NQNTMQMQMB
71%
Journal perso II
70%
Horizon Vertical
66%
Royal Cheese
65%
Guccissima
64%
Ignorant
64%
Ma star
64%
Pensionman
62%
Canada
60%
2014
58%
1992
57%
Keskivonfer
57%
Pourquoi
57%
No Friends
56%
J'pourrai
53%
Matrixé
53%
Adios
49%
VHR
48%
Diviser pour mieux régner
41%
Mauvais
41%
Mélange
41%
Envie
28%
Gizeh
27%
Compas
18%
Le Mignon
17%
Pentacle et bougie
12%
Aucun quiz correspondant
Distribution des résultats
% des personnes avec chaque résultat
Percentile par nombre de réponses
Votre historique - résultats
Vous n’avez pas pris ce quiz